El Carter del rei / de Rabindranath Tagore ; traducció catalana de J. Carner Ribalta
Descripción Física:
73 p. ; 18 cm
Colección:
Biblioteca teatral ; 7
Otros Autores:
Carner i Ribalta, Josep, tr
MARC
| LEADER | 00000nam a2200000Ia 4500 | ||
|---|---|---|---|
| 001 | 2100 | ||
| 003 | BGR | ||
| 005 | 20260324175337.0 | ||
| 008 | 160829s1937 xx 000 0 cat d | ||
| 080 | |a L-1-200 | ||
| 100 | |a Tagore, Rabindranath |9 28144 | ||
| 245 | |a El Carter del rei / de Rabindranath Tagore ; traducció catalana de J. Carner Ribalta | ||
| 260 | |a Barcelona : |b Generalitat de Catalunya, Institució del Teatre, |c 1937 | ||
| 300 | |a 73 p. ; |c 18 cm | ||
| 490 | |a Biblioteca teatral ; 7 | ||
| 700 | |a Carner i Ribalta, Josep, tr. |9 28145 | ||
| 710 | 1 | |a Institut del Teatre (Barcelona, Catalunya) |9 52662 | |
| 901 | |a Arxiu | ||
| 942 | |n 1 |2 udc |c MON | ||
| 952 | |0 0 |1 0 |4 0 |6 L1200 |7 1 |9 44691 |a Arxiu |b Arxiu |d 2016-12-01 |l 0 |o L-1-200 |p 2100 |r 2016-12-01 00:00:00 |w 2016-12-01 |y ARXIU | ||
| 999 | |c 47272 |d 47272 | ||